Представление документа в формате MARC21

ПолеНазваниеЗначение
  Тип записи a
  Библиографический уровень m
001 Контрольный номер 7ad95d08a4644e10b09a1908683c369d
005 Дата корректировки 20241109121003.4
040 Источник каталогиз. __
b Код языка каталог. rus
e Правила каталог. PSBO
041 Код языка издания 0_
a Код языка текста rus
080 Индекс УДК __
a Индекс УДК 796.062(04)
090 Шифры __
c Каталожный индекс 796.062(04)
a Полочн. индекс N 1666
x Авторский знак К 850
100 Автор 1_
a Автор Крылова А.Т.
q Полное имя Крылова Анастасия Тимофеевна
245 Заглавие 10
a Заглавие Управление развитием физической культуры в регионах Крайнего Севера на основе информационно-аналитического мониторинга (на примере Камчатского края)
b Продолж. заглавия специальность 5.8.4. Физическая культура и профессиональная физическая подготовка
b Продолж. заглавия диссертация на соискание ученой степени кандидата педагогических наук
c Ответственность Национальный государственный университет физической культуры, спорта и здоровья им. П.Ф. Лесгафта, Санкт-Петербург
260 Выходные данные __
a Место издания Санкт-Петербург
c Дата издания 2023
300 Физическое описание __
a Объем 266 с.
b Иллюстрации/ тип воспроизводства ил.
336 Вид содержания __
a Термин вида содержания Текст
337 Средство доступа __
a Термин типа средства непосредственный
504 Библиография __
a Библиография Библиогр.: с. 199–217
520 Аннотация 0_
a Аннотация В результате исследований теоретически и экспериментально обоснован новый инструментарий, позволяющий контролировать развитие физической культуры в регионах Крайнего Севера с учетом региональных особенностей и потребностей населения и управлять развитием физической культуры на основе более объективных и точных данных. Определена структура, содержание информационно-аналитического мониторинга, разработан функциональный механизм его проведения. Создана типология муниципальных образований Крайнего Севера, состоящая из 3 кластеров, в соответствии с уровнем развития физической культуры, которая в своей структуре содержит характеристику кластеров и классификацию муниципальных образований, детально описаны проблемы и перспективы развития физической культуры в Камчатском крае. Впервые была разработана и научно обоснована функциональная модель управления развитием физической культуры на основе информационно-аналитического мониторинга, применимая к регионам Крайнего Севера, использование которой позволяет формировать практику управления физической культурой с учетом региональных особенностей и предпочтений населения, контролировать достижение запланированных показателей, оперативно реагировать на возникающие проблемы, выявлять сдерживающие факторы и своевременно корректировать практику управления.
650 Тематические рубрики 04
a Предметная рубрика ФИЗКУЛЬТУРА И СПОРТ
650 Тематические рубрики 04
a Предметная рубрика ДИССЕРТАЦИИ
653 Ключевые слова 0_
a Ключевые слова УПРАВЛЕНИЕ ФИЗИЧЕСКОЙ КУЛЬТУРОЙ И СПОРТОМ; РЕГИОНАЛЬНЫЕ ОСОБЕННОСТИ; КРАЙНИЙ СЕВЕР
700 Другие авторы 12
a Другие авторы Верзилин Д.Н.
e Роль лиц Научный руководитель
700 Другие авторы 12
a Другие авторы Галицин С.В.
e Роль лиц Официальный оппонент
700 Другие авторы 12
a Другие авторы Воробьёв С.А.
e Роль лиц Официальный оппонент
900 Макрообъекты __
a Имя макрообъекта Крылова А.Т. (дис. 018333).(обл.)
900 Макрообъекты __
a Имя макрообъекта Крылова А.Т. (дис. 018333).(сод.)
901 Тип документа __
t Тип документа d
952 Тип литературы __
a Тип литературы для КСУ ВШ ДН
999 Фонд __
a Фонд диссертации 2024
999 Фонд __
a Фонд РИНЦ